000
00281nam a22001217a 4500
008
170621b xxu||||| |||| 00| 0 eng d
041
_a
eng
080
_a
327
100
_a
18
101
_a
SHH
245
_a
WAR PEACE AND INTERNATIONAL POLITICS
_c
ZIEGLER.D.W
942
_2
udc
_c
BK
999
_c
18476
_d
18476